| 000 | 01097nam a22003377a 4500 | ||
|---|---|---|---|
| 003 | CHAP | ||
| 005 | 20220817042256.0 | ||
| 008 | 971013s1975 r 00010 d | ||
| 010 | _a39325 | ||
| 011 | _a40297 | ||
| 035 | _a44422 | ||
| 040 | _cCHAP | ||
| 082 |
_a080 _bS4 v.203 |
||
| 100 | 0 | 0 |
_aMonroy Huitrón, Guadalupe. _977649 |
| 245 | _aPolítica educativa de la revolución, (1910-1940) | ||
| 260 |
_aMéxico : _bSecretaría de Educación Pública, _c1975 |
||
| 300 | _a175 p | ||
| 490 |
_aSEP. Setentas _v; 203 |
||
| 590 |
_aBATCH-UPD _b10 _c20130110 _lUCH01 _h0124 |
||
| 590 |
_aBATCH-UPD _b10 _c20130110 _lUCH01 _h0935 |
||
| 590 |
_aBATCH-UPD _b10 _c20130409 _lUCH01 _h2118 |
||
| 590 |
_aBATCH-UPD _b10 _c20130410 _lUCH01 _h0553 |
||
| 590 |
_aBATCH-UPD _b10 _c20130914 _lUCH01 _h1236 |
||
| 590 |
_aCONVERSION _b10 _c20130109 _lUCH01 _h1322 |
||
| 650 | 1 | 4 |
_aEducación _xHistoria _zMéxico. _935454 |
| 650 | 1 | 4 |
_aPolítica educativa _zMéxico. _990561 |
| 830 | 0 |
_aSEP. Setentas _v; 203 |
|
| 901 | _aBK | ||
| 942 | _cLIBRO | ||
| 949 |
_a080 S4 v.203 _bBC _cLIBRO _d-101758 _eLIBRO _h33277 _i44422 _mD _si |
||
| 999 |
_c39325 _d39325 |
||